000 01008nam0a22002651 4500
001 v19\rc\1277747
005 20260407113313.0
035 _a(NLR Aleph) 004428800
090 _a4238188
_c4238188
100 _a20060306d1897 |||y0rusy50 ca
101 0 _arus
102 _aRU
105 _ay z |||||
200 1 _aВедомость единичных цен
210 _aМосква
_d[1897]
215 _a39-60 с.
300 _aПеч. по распоряжению строительной конторы Московско-Брянской линии О-ва Московско-Киево-Воронежской ж. д.
309 _aБез тит. л. и обл.
309 _aНаписано от руки. Литогр.
710 0 2 _aМосковско-Киево-Воронежская железная дорога
_cдо 1917 г.
_9380735
_3RU\NLR\AUTH\889942856
801 0 _aRU
_bNLR
_gpsbo
801 1 _aRU
_bProSoft-M
_2rusmarc
852 _aNLR
_j18.270.1.309
942 _cBOOK
980 _aNB